Abkürzungen Quiz - Statistiken

Allgemein
  • Dieses Quiz wurde 183 mal gespielt
  • Das Durchschnittsergebnis liegt bei 21 aus 30
Antwortstatistiken
Hint Antwort % Korrekt
bzgl. bezüglich
96%
evtl. eventuell
96%
MfG Mit freundlichen Grüßen
96%
u.a. unter anderem
96%
sry Sorry
95%
LKW Lastkraftwagen
92%
omg Oh mein Gott
92%
ca. circa
91%
GuMo guten Morgen
87%
Abb. Abbildung
86%
KFZ Kraftfahrzeug
83%
Megges McDonalds
83%
z.T. zum Teil
81%
dt. deutsch
80%
AKW Atomkraftwerk
79%
AG Aktiengesellschaft
75%
GmbH Gesellschaft mit beschränkter Haftung
74%
GaLiGrü Ganz liebe Grüße
73%
KaDeWe Kaufhaus des Westens
69%
Vokuhila Vorne kurz hinten lang
66%
GHz Gigahertz
61%
Anm. d. Red Anmerkung der Redaktion
57%
USD US Dollar
55%
B. Sc. Bachelor of Science
46%
Akk. Akkusativ
39%
SchniPoSa Schnitzel Pommes Salat
38%
NPC Non playable character
37%
SMS Short message service
37%
TÜV Technischer Überwachungsverein
37%
SOS save our souls
25%
Keine übereinstimmenden Quizze gefunden
Verteilung der Resultate
Anzahl Personen mit jedem Resultat
Perzentil nach korrekt beantworteten Fragen
Ihre Resultats-Entwicklung
Sie haben dieses Quiz noch nicht gespielt